[Event "Rome Cittadino La Lupa"]
[Site "Rome"]
[Date "2011.05.16"]
[Round "3"]
[White "Tosi, Francesco"]
[Black "Russo, Roberto"]
[Result "1-0"]
[WhiteElo "1889"]
[BlackElo "1858"]
[PlyCount "83"]
[EventDate "2011.05.05"]
[EventType "swiss"]
[EventRounds "7"]
[EventCountry "ITA"]
[SourceTitle "EXT 2024"]
[Source "ChessBase"]
[SourceDate "2023.10.10"]
[SourceVersion "1"]
[SourceVersionDate "2023.10.10"]
[SourceQuality "1"]

1. Nf3 Nf6 2. c4 g6 3. b3 Bg7 4. Bb2 0-0 5. g3 c6 6. Bg2 d6 7. d4 e5 8. dxe5 Ng4 9. 0-0 Nxe5 10. Qc1 Nxf3+ 11. exf3 Qe7 12. Nc3 Be6 13. Re1 Nd7 14. Qd2 Nf6 15. Rad1 Rfd8 16. Nd5 cxd5 17. cxd5 Nxd5 18. Bxg7 Kxg7 19. Qxd5 Bxd5 20. Rxe7 Bc6 21. f4 Kf8 22. Rc7 d5 23. b4 a6 24. h4 Re8 25. Bxd5 Bxd5 26. Rxd5 Re7 27. Rdd7 Rxd7 28. Rxd7 b5 29. Rb7 Kg7 30. Kg2 Kf6 31. Rb6+ Ke7 32. Kf3 Ra7 33. f5 a5 34. a3 axb4 35. axb4 Ra3+ 36. Kf4 gxf5 37. Rxb5 Rb3 38. Rb6 f6 39. b5 h5 40. Kxf5 Rf3+ 41. Kg6 Rxf2 42. Kxh5 1-0

[Event "Rome Accademia Primavera op"]
[Site "Rome"]
[Date "2011.04.02"]
[Round "4"]
[White "Tudorache, Marian"]
[Black "Tosi, Francesco"]
[Result "1/2-1/2"]
[WhiteElo "2039"]
[BlackElo "1874"]
[PlyCount "78"]
[EventDate "2011.04.01"]
[EventType "swiss"]
[EventRounds "5"]
[EventCountry "ITA"]
[SourceTitle "EXT 2023"]
[Source "ChessBase"]
[SourceDate "2022.10.05"]
[SourceVersion "1"]
[SourceVersionDate "2022.10.05"]
[SourceQuality "1"]

1. e4 c5 2. Nf3 b6 3. d4 cxd4 4. Nxd4 Bb7 5. Nc3 a6 6. g3 d6 7. Bg2 Nd7 8. 0-0 e6 9. Re1 Be7 10. b3 Qc7 11. Bb2 Ngf6 12. h4 0-0 13. Rc1 Rfe8 14. Nb1 Rad8 15. c4 Bf8 16. Qc2 Qb8 17. Nd2 Qa8 18. Re2 g6 19. Rce1 Rc8 20. Qb1 Nc5 21. Nb5 Nh5 22. Nc3 Bc6 23. Kh2 Nd7 24. f4 Bh6 25. Rf2 f5 26. Qd3 Bf8 27. exf5 gxf5 28. Bxc6 Qxc6 29. Rfe2 Ndf6 30. Qf3 Ng4+ 31. Kg2 Qd7 32. Nf1 Nhf6 33. Na4 Rb8 34. Nd2 b5 35. Nc3 b4 36. Nd1 Bg7 37. Nf2 Nxf2 38. Bxf6 Bxf6 39. Qxf2 e5 1/2-1/2

[Event "Rome Accademia Primavera op"]
[Site "Rome"]
[Date "2011.04.01"]
[Round "2"]
[White "Fargnoli, Maurizio"]
[Black "Tosi, Francesco"]
[Result "0-1"]
[WhiteElo "1694"]
[BlackElo "1874"]
[PlyCount "111"]
[EventDate "2011.04.01"]
[EventType "swiss"]
[EventRounds "5"]
[EventCountry "ITA"]
[SourceTitle "EXT 2023"]
[Source "ChessBase"]
[SourceDate "2022.10.05"]
[SourceVersion "1"]
[SourceVersionDate "2022.10.05"]
[SourceQuality "1"]

1. e4 c6 2. d4 d5 3. e5 Bf5 4. Bd3 Bxd3 5. Qxd3 Qa5+ 6. Bd2 Qa6 7. f4 Qxd3 8. cxd3 e6 9. b4 Na6 10. a3 h5 11. Nf3 Nh6 12. Nc3 Rc8 13. 0-0 Be7 14. b5 Nb8 15. a4 Nf5 16. Rfc1 Kd7 17. Ne2 h4 18. Rab1 b6 19. Bb4 Nxd4 20. Nexd4 c5 21. Ba3 cxd4 22. Bxe7 Kxe7 23. Nxd4 g6 24. g4 hxg3 25. hxg3 Kd7 26. Kg2 Rc5 27. Nb3 Rxc1 28. Rxc1 g5 29. Nd4 gxf4 30. gxf4 f6 31. f5 exf5 32. exf6 a6 33. Re1 axb5 34. Re7+ Kd6 35. Nxb5+ Kc5 36. f7 Rf8 37. d4+ Kc4 38. Nd6+ Kxd4 39. Rb7 Nc6 40. Nxf5+ Ke5 41. Rxb6 Rxf7 42. Rxc6 Kxf5 43. Kf3 Ra7 44. Rc5 Ke5 45. a5 Kd4 46. Rb5 Kc4 47. Rb8 Rxa5 48. Ke3 Ra3+ 49. Kd2 Rg3 50. Ra8 Rg2+ 51. Kd1 d4 52. Ra4+ Kd3 53. Ra3+ Ke4 54. Ra4 Ke3 55. Ra8 Rg1+ 56. Kc2 0-1